Εμπορικές Εκθέσεις / Τεχνική της Συμμετοχής και της Επικοινωνίας (Record no. 2340)
[ view plain ]
| 000 -LEADER | |
|---|---|
| fixed length control field | 01823cam a22002054a 4500 |
| 005 - ΗΜΕΡΟΜΗΝΙΑ ΚΑΙ ΩΡΑ ΤΕΛΕΥΤΑΙΑΣ ΕΝΗΜΕΡΩΣΗΣ | |
| Πεδίο ελέγχου | 20250605164038.0 |
| 008 - FIXED-LENGTH DATA ELEMENTS--GENERAL INFORMATION | |
| Πεδίο ελέγχου σταθερού μήκους | 250528s ||||||||||||||||||||||||d |
| 035 ## - SYSTEM CONTROL NUMBER | |
| System control number | 16890 |
| 020 ## - ISBN | |
| ISBN | 9602204842 |
| 040 ## - ΠΗΓΗ ΚΑΤΑΛΟΓΟΓΡΑΦΗΣΗΣ | |
| Φορέας πρωτότυπης καταλογογράφησης | MC Athens Campus Library |
| Γλώσσα καταλογογράφησης | Ελληνικά, Μοντέρνα (1453-) |
| Modifying agency | MC Athens Campus Library |
| Κανόνες περιγραφικής καταλογογράφησης | AACR2 |
| 245 1# - ΤΙΤΛΟΣ ΚΑΙ ΔΗΛΩΣΗ ΥΠΕΥΘΥΝΟΤΗΤΑΣ | |
| Τίτλος | Εμπορικές Εκθέσεις / Τεχνική της Συμμετοχής και της Επικοινωνίας |
| 260 ## - PUBLICATION, DISTRIBUTION, ETC. | |
| Date of publication, distribution, etc. | 1994 |
| 300 ## - PHYSICAL DESCRIPTION | |
| Extent | 360 |
| 520 ## - SUMMARY, ETC. | |
| Summary, etc. | Οι διεθνείς ανακατατάξεις σε συσχετισμό με τη φιλελευθεροποίηση των εμπορικών συναλλαγών, συμβάλουν στη δημιουργία ενός νέου ανταγωνιστικού περιβάλλοντος που επηρεάζει άμεσα τη φιλοσοφία των επιχειρήσεων για το ρόλο του μάρκετινγκ και κατ'επέκταση την τεχνική προώθησης των προϊόντων τους. Εισαγωγή, Ο Θεσμός των Εμπορικών Εκθέσεων - Εκδηλώσεων, Εμπορικές Εκθέσεις - Εκδηλώσεις, Ευρωπαϊκή Ένωση και Εμπορικές Εκθέσεις, Το Προεκθεσιακό Στάδιο, Φάση Λήψης Απόφασης για Συμμετοχή, Φάση Διοργάνωσης της Συμμετοχής, Το Εκθεσιακό Στάδιο, Φάση Λειτουργίας/ Επικοινωνία με τον Επισκέπτη, Το Μετεκθεσιακό Στάδιο, Φάση Μεταλειτουργικών Εργασιών, Παράρτημα, Βιβλιογραφία. |
| 700 1# - ΠΡΟΣΘΕΤΗ ΑΝΑΓΡΑΦΗ--ΦΥΣΙΚΟ ΠΡΟΣΩΠΟ | |
| Personal name | Δρ. Ι. Γ. Κριτσιωτάκις |
| 9 (RLIN) | 2981 |
| 700 1# - ΠΡΟΣΘΕΤΗ ΑΝΑΓΡΑΦΗ--ΦΥΣΙΚΟ ΠΡΟΣΩΠΟ | |
| Personal name | Κριτσωτάκις Ι. Γ |
| 9 (RLIN) | 2982 |
| 942 ## - ADDED ENTRY ELEMENTS (KOHA) | |
| Koha item type | Books |
| Τύπος τεκμηρίου | Βιβλιοθήκη | Τρέχουσα τοποθεσία | Barcode | Αριθμός εισαγωγής | Ημερομηνία απόκτησης | Ταξιθετικό σύμβολο | Αριθμός αντιτύπου | Κατάσταση απόσυρσης | Κατάσταση χαμένου | Κατάσταση κατεστραμμένου | Μη δανεισμός | Σύνολο δανεισμών | Ημερομηνία τελευταίας εμφάνισης | Η τιμή ισχύει από |
|---|---|---|---|---|---|---|---|---|---|---|---|---|---|---|
| Books | MC Athens Campus Library | MC Athens Campus Library | 9780000023391 | 5546 | 05/06/2025 | 381.18 KRI | 1 | 05/06/2025 | 05/06/2025 |